000 00329nam a2200145Ia 4500
008 230718s9999 xx 000 0 und d
041 _aEng.
082 _a344401
_bGHU-A
100 _aGhuman Anwar
245 0 _aAmerican Constititions
260 _aPakistan
_bPunjab Law
_c2016
300 _a148
650 _aLaw
999 _c30854
_d30854